• 首页
  • 本馆介绍
  • 公告通知
  • 最新文献
  • 馆藏检索
  • 电子资源
  • 读者导购
  • 参考咨询
  • 我的图书馆
  • 登录
  • 详细信息显示
  • 放入我的书架
  • 预约/预借图书
  • 作者相关作品
  • 分类相关作品
  • 丛书相关作品
  • 出版社相关作品

书目信息

  • 表格格式
  • 工作单格式
  • 卡片格式
题名:
网络设备配置与管理
    
 
作者: 吕小刚 , 马武飚 , 程勇兵 主编
分册:  
出版信息: 北京   航空工业出版社  2015.5
页数: 203页
开本: 26cm
丛书名:
单 册:
中图分类: TN915.05
科图分类:
主题词: 网络设备--配置--教材 , 网络设备--设备管理--教材
电子资源:
ISBN: 978-7-5165-0795-7
000 01123nam0 2200277 450
001 0400003360
005 20171022090629.0
010    @a978-7-5165-0795-7@dCNY32.00
100    @a20151101e20172015em y0chiy50 ea
101 0  @achi
102    @aCN@b110000
105    @aa z 000yy
106    @ar
200 1  @a网络设备配置与管理@9wang luo she bei pei zhi yu guan li@f吕小刚, 马武飚, 程勇兵主编
210    @a北京@c航空工业出版社@d2015.5@h2017.2
215    @a203页@c图@d26cm
300    @a计算机“十二五”规划教材
330    @a本书基于Cisco Packet Tracer实验平台,介绍了交换机和路由器两大网络设备配置与管理的基础知识和操作方法,内容涵盖了网络基础知识、交换机的基本配置、利用虚拟局域网(VLAN)划分网络、交换式网络的优化设计、路由器的基本配置、静态路由和动态路由、访问控制列表(ACL)、网络地址转换(NAT)、广域网、网络设备管理等。
606 0  @a网络设备@x配置@j教材
606 0  @a网络设备@x设备管理@j教材
690    @aTN915.05@v5
701  0 @a吕小刚@9lv xiao gang@4主编
701  0 @a马武飚@9ma wu bian@4主编
701  0 @a程勇兵@9cheng yong bing@4主编
801  0 @aCN@b91MARC@c20171022
905    @b1022670-4@dTN915.05@f5@e149
    
    网络设备配置与管理/吕小刚, 马武飚, 程勇兵主编.-北京:航空工业出版社,2015.5(2017.2)
    203页:图;26cm
    计算机“十二五”规划教材
    
    ISBN 978-7-5165-0795-7:CNY32.00
    本书基于Cisco Packet Tracer实验平台,介绍了交换机和路由器两大网络设备配置与管理的基础知识和操作方法,内容涵盖了网络基础知识、交换机的基本配置、利用虚拟局域网(VLAN)划分网络、交换式网络的优化设计、路由器的基本配置、静态路由和动态路由、访问控制列表(ACL)、网络地址转换(NAT)、广域网、网络设备管理等。
●
相关链接 在E读中查询图书 在五车中查询图书 在当当中查询图书 在豆瓣中查询图书


正题名:网络设备配置与管理     索取号:TN915.05/149         预约/预借

序号 登录号 条形码 馆藏地/架位号 状态 备注
1 1022670   210226708   第二样本阅览室/ [索取号:TN915.05/149] 在馆    
2 1022671   210226717   密集书库-物理学院/ [索取号:TN915.05/149] 在馆    
3 1022672   210226726   第三借阅区/ [索取号:TN915.05/149] 在馆    
4 1022673   210226735   第三借阅区/ [索取号:TN915.05/149] 在馆    
5 1022674   210226744   第三借阅区/ [索取号:TN915.05/149] 在馆    
唐山师范学院图书馆 欢迎您!
大连网信软件有限公司© 版权所有